AADUJEEVITHAM (Record no. 8237)
[ view plain ]
| 000 -LEADER | |
|---|---|
| fixed length control field | 00205nam a22000977a 4500 |
| 082 ## - DEWEY DECIMAL CLASSIFICATION NUMBER | |
| Classification number | 894.812.3 |
| Item number | BEN/A |
| 100 ## - MAIN ENTRY--AUTHOR NAME | |
| Personal name | BENYAMIN |
| 245 ## - TITLE STATEMENT | |
| Title | AADUJEEVITHAM |
| 246 ## - VARYING FORM OF TITLE | |
| Title proper/short title | AADUJEEVITHAM |
| Remainder of title | AADUJEEVITHAM |
| 942 ## - ADDED ENTRY ELEMENTS (KOHA) | |
| Koha item type | Books |
| Withdrawn status | Lost status | Collection code | Home library | Current library | Date acquired | Source of acquisition | Full call number | Accession Number | Koha item type |
|---|---|---|---|---|---|---|---|---|---|
| Lost | Fiction | Main Library | Main Library | 13/07/2009 | PURCHASED | 894.812.3 BEN/A | 02049 | Books |